Szczegóły MARC
| 000 -ETYKIETA REKORDU |
| podpole kontrolne o stałej długości |
02641njm a2200673 i 4500 |
| 001 - NUMER KONTROLNY REKORDU |
| pole kontrolne |
34976 |
| 003 - IDENTYFIKATOR NUMERU KONTROLNEGO REKORDU |
| podpole kontrolne |
KOSZ 005 |
| 005 - DATA OSTATNIEJ MODYFIKACJI REKORDU |
| podpole kontrolne |
20220822084836.0 |
| 007 - DANE KONTROLNE - FORMA FIZYCZNA DOKUMENTU |
| podpole kontrolne o stałej długości |
sd fsngnnmmned |
| 008 - POLE O STAŁEJ DŁUGOŚCI - DANE KONTROLNE |
| podpole kontrolne o stałej długości |
061010s2005 pl munn i 000 0 d |
| 020 ## - MIĘDZYNARODOWY ZNORMALIZOWANY NUMER KSIĄŻKI - ISBN |
| ISBN |
8360004277 |
| 020 ## - MIĘDZYNARODOWY ZNORMALIZOWANY NUMER KSIĄŻKI - ISBN |
| ISBN |
8360004064 |
| 040 ## - ŹRÓDŁO KATALOGOWANIA |
| Instytucja, która utworzyła rekord |
KOSZ 005 |
| Instytucja, która sporządziła opis |
KOSZ 005 |
| Instytucja, która dokonała modyfikacji |
KOSZ 005/AR |
| 041 0# - KOD JĘZYKA |
| Kod języka tekstu |
pol |
| 046 ## - DATY KODOWANE |
| Pojedyncza data lub początek okresu powstania dzieła lub zbioru dzieł |
2005 |
| 080 ## - UNIWERSALNA KLASYFIKACJA DZIESIĘTNA - UKD |
| UKD |
785(436) |
| 080 ## - UNIWERSALNA KLASYFIKACJA DZIESIĘTNA - UKD |
| UKD |
782(436) |
| 080 ## - UNIWERSALNA KLASYFIKACJA DZIESIĘTNA - UKD |
| UKD |
(086.7) |
| 100 1# - NAZWA OSOBOWA |
| Nazwa osobowa |
Mozart, Wolfgang Amadeus |
| Daty związane z nazwą |
(1756-1791) |
| Określenie rodzaju współpracy |
Kompozytor |
| 245 10 - TYTUŁ/ODPOWIEDZIALNOŚĆ |
| Tytuł |
Mozart / |
| Pozostałe elementy strefy tytułu i oznaczenia odpowiedzialności |
Wolfgang Amadeus Mozart. |
| 260 ## - STREFA ADRESU WYDAWNICZEGO |
| Miejsce wydania |
Warszawa : |
| Nazwa wydawcy/dystrybutora |
Mediasat Poland, |
| Data publikacji, dystrybucji/powstania dokumentu |
2005. |
| 300 ## - STREFA OPISU FIZYCZNEGO |
| Objętość |
1 płyta CD (59 min 27 s) : |
| Inne cechy fizyczne |
zapis cyfrowy, stereo ; |
| Rozmiary |
12 cm + |
| Dokument towarzyszący |
1 dodatek : 43 strony : ilustracje ; 13 cm x 14 cm. |
| 336 ## - TYP ZAWARTOŚCI |
| Źródło (terminu i kodu) |
rdacontent |
| Termin opisujący typ zawartości |
Nagranie muzyczne |
| Kod określający zawartość |
prm |
| 336 ## - TYP ZAWARTOŚCI |
| Źródło (terminu i kodu) |
rdacontent |
| Wyszczególnienie materiału |
Dodatek |
| Termin opisujący typ zawartości |
Tekst |
| Kod określający zawartość |
txt |
| 337 ## - TYP MEDIÓW |
| Źródło (terminu i kodu) |
rdamedia |
| Tryb odtwarzania |
Audio |
| Kod typu mediów |
s |
| 337 ## - TYP MEDIÓW |
| Źródło (terminu i kodu) |
rdamedia |
| Tryb odtwarzania |
Komputer |
| Kod typu mediów |
c |
| 337 ## - TYP MEDIÓW |
| Źródło (terminu i kodu) |
rdamedia |
| Wyszczególnienie materiału |
Dodatek |
| Tryb odtwarzania |
Bez urządzenia pośredniczącego |
| Kod typu mediów |
n |
| 338 ## - TYP/RODZAJ NOŚNIKA |
| Źródło (terminu i kodu) |
rdacarrier |
| Hasło opisujące typ nośnika |
Płyta audio |
| 338 ## - TYP/RODZAJ NOŚNIKA |
| Źródło (terminu i kodu) |
rdacarrier |
| Wyszczególnienie materiału |
Dodatek |
| Hasło opisujące typ nośnika |
Wolumin |
| Kod typu nośnika |
|
| 380 ## - FORMA I TYP PUBLIKACJI |
| Forma i typ publikacji |
Muzyka |
| 388 ## - CZAS POWSTANIA |
| Czas powstania |
1701-1800 |
| 490 1# - STREFA SERII I DOKUMENTU WIELOCZĘŚCIOWEGO - FORMA NIE DO WYSZUKIWANIA |
| Tytuł i oznaczenie odpowiedzialności serii |
Biblioteka Gazety Wyborczej. Wielcy Kompozytorzy ; |
| Numeracja w obrębie serii |
21 |
| 500 ## - UWAGI OGÓLNE |
| Tekst uwagi |
Tekst komentarza: Andrzej Sitarz. |
| 500 ## - UWAGI OGÓLNE |
| Tekst uwagi |
Wykonanie: Orkiestra XVIII Wieku ; Frans Brüggen, dyrygent ; Joyce DiDonato, mezzosporan ; Eric Hoeprich, klarnet, bassethorn. |
| 500 ## - UWAGI OGÓLNE |
| Tekst uwagi |
Nagranie: Haarlem , Holandia, luty 2001 r. [etc.]. |
| 505 ## - SFORMALIZOWANA UWAGA DOTYCZĄCA ZAWARTOŚCI |
| Pełny tekst uwagi |
Koncert klarnetowy A-dur KV 622, La clemenza di Tito KV 621 (fragmenty), Adagio KV 411, Maurerische Trauermusik KV 477. |
| 600 17 - HASŁO PRZEDMIOTOWE W FORMIE NAZWY OSOBOWEJ |
| Nazwa osobowa |
Mozart, Wolfgang Amadeus |
| Daty związane z nazwą |
(1756-1791) |
| 648 #7 - HASŁO PRZEDMIOTOWE - TERMIN CHRONOLOGICZNY |
| Termin chronologiczny |
1701-1800 |
| 650 #9 - HASŁO PRZEDMIOTOWE W FORMIE NAZWY OGÓLNEJ LUB JEDNOSTKOWEJ |
| Nazwa ogólna lub geograficzna |
Kompozytorzy austriaccy |
| 655 #7 - TERMIN INDEKSOWY - OKREŚLENIE RODZAJU/FORMY DOKUMENTU |
| Określenie rodzaju/formy dokumentu |
Dokumenty dźwiękowe |
| 655 #7 - TERMIN INDEKSOWY - OKREŚLENIE RODZAJU/FORMY DOKUMENTU |
| Określenie rodzaju/formy dokumentu |
Koncert (utwór muzyczny) |
| 655 #7 - TERMIN INDEKSOWY - OKREŚLENIE RODZAJU/FORMY DOKUMENTU |
| Określenie rodzaju/formy dokumentu |
Muzyka instrumentalna |
| 655 #7 - TERMIN INDEKSOWY - OKREŚLENIE RODZAJU/FORMY DOKUMENTU |
| Określenie rodzaju/formy dokumentu |
Muzyka kameralna |
| 655 #7 - TERMIN INDEKSOWY - OKREŚLENIE RODZAJU/FORMY DOKUMENTU |
| Określenie rodzaju/formy dokumentu |
Muzyka na głos wysoki i orkiestrę |
| 655 #7 - TERMIN INDEKSOWY - OKREŚLENIE RODZAJU/FORMY DOKUMENTU |
| Określenie rodzaju/formy dokumentu |
Muzyka na klarnet i orkiestrę |
| 655 #7 - TERMIN INDEKSOWY - OKREŚLENIE RODZAJU/FORMY DOKUMENTU |
| Określenie rodzaju/formy dokumentu |
Muzyka na orkiestrę |
| 655 #7 - TERMIN INDEKSOWY - OKREŚLENIE RODZAJU/FORMY DOKUMENTU |
| Określenie rodzaju/formy dokumentu |
Muzyka poważna |
| 655 #7 - TERMIN INDEKSOWY - OKREŚLENIE RODZAJU/FORMY DOKUMENTU |
| Określenie rodzaju/formy dokumentu |
Muzyka wokalna |
| 655 #7 - TERMIN INDEKSOWY - OKREŚLENIE RODZAJU/FORMY DOKUMENTU |
| Określenie rodzaju/formy dokumentu |
Opera (utwór muzyczny) |
| 655 #7 - TERMIN INDEKSOWY - OKREŚLENIE RODZAJU/FORMY DOKUMENTU |
| Określenie rodzaju/formy dokumentu |
Uwertura |
| 700 1# - HASŁO DODATKOWE - NAZWA OSOBOWA |
| Nazwa osobowa |
Sitarz, Andrzej |
| Określenie związku między hasłem a opisywanym materiałem |
Tekst |
| 700 1# - HASŁO DODATKOWE - NAZWA OSOBOWA |
| Nazwa osobowa |
Brüggen, Frans |
| Określenie związku między hasłem a opisywanym materiałem |
Dyrygent |
| Daty związane z nazwą |
(1934-2014) |
| 700 1# - HASŁO DODATKOWE - NAZWA OSOBOWA |
| Nazwa osobowa |
DiDonato, Joyce |
| Określenie związku między hasłem a opisywanym materiałem |
Wykonanie |
| 700 1# - HASŁO DODATKOWE - NAZWA OSOBOWA |
| Nazwa osobowa |
Hoeprich, Eric |
| Określenie związku między hasłem a opisywanym materiałem |
Wykonanie |
| Daty związane z nazwą |
(1955- ) |
| 710 #2 - HASŁO DODATKOWE - NAZWA CIAŁA ZBIOROWEGO |
| Nazwa ciała zbiorowego lub jednostki geograficznej |
Orchestra of the 18th Century |
| Określenie związku między hasłem a opisywanym materiałem |
Wykonanie |
| 710 #2 - HASŁO DODATKOWE - NAZWA CIAŁA ZBIOROWEGO |
| Nazwa ciała zbiorowego lub jednostki geograficznej |
Mediasat Poland |
| Określenie związku między hasłem a opisywanym materiałem |
Wydawca |
| 830 #0 - HASŁO DODATKOWE SERII LUB DOKUMENTU WIELOCZĘŚCIOWEGO - TYTUŁ UJEDNOLICONY |
| Tytuł ujednolicony |
Biblioteka Gazety Wyborczej. |
| Nazwa części/sekcji dzieła |
Wielcy Kompozytorzy |
| Oznaczenie tomu |
21 |
| 942 ## - DODATKOWE ELEMENTY (KOHA) |
| Typ dokumentu |
Płyta CD |
| Schemat klasyfikacji |
Uniwersalna Klasyfikacja Dziesiętna |